Mistrzostwa Świata w Piłce Nożnej 2026 - Statystyki

Ogólne statystyki
  • Ten quiz został rozwiązany 5 710 razy
    5 410 od ostatniego zresetowania
  • Średni wynik to 38 z 48
Odpowiedzi na mapie
Odpowiedzi zakodowano w zielono-czerwonej skali na mapie do tego quizu, zgodnie z poniższymi procentami.
 
Statystyki odpowiedzi
Kraj % Poprawnych
Szwecja
97%
Stany Zjednoczone
96%
Argentyna
95%
Brazylia
95%
Hiszpania
95%
Meksyk
95%
Francja
94%
Kanada
94%
Portugalia
94%
Japonia
93%
Niemcy
93%
Anglia
91%
Holandia
91%
Norwegia
87%
Australia
85%
Belgia
85%
Czechy
84%
Iran
84%
Korea Południowa
84%
Maroko
84%
Egipt
83%
Kolumbia
82%
Republika Południowej Afryki
82%
Urugwaj
81%
Chorwacja
79%
Turcja
79%
Nowa Zelandia
78%
Szwajcaria
77%
Arabia Saudyjska
76%
Austria
76%
Senegal
76%
Bośnia i Hercegowina
73%
Szkocja
73%
Tunezja
73%
Ekwador
71%
Irak
69%
Algieria
67%
Curaçao
66%
Demokratyczna Republika Konga
64%
Katar
64%
Paragwaj
64%
Panama
63%
Ghana
61%
Wybrzeże Kości Słoniowej
57%
Haiti
55%
Uzbekistan
55%
Republika Zielonego Przylądka
53%
Jordania
44%
Nie znaleziono quizów pasujących do podanych kryteriów
Rozkład punktacji
Procent ludzi z każdym wynikiem
Percentyl według liczby udzielonych odpowiedzi
Twoja historia wyników
Nie rozwiązałeś tego quizu od ostatniego zresetowania